<?xml version="1.0" encoding="UTF-8"?><record xmlns="http://www.loc.gov/MARC21/slim" xmlns:zs="http://docs.oasis-open.org/ns/search-ws/sruResponse">
  <leader>02737cas a2200577 a 4500</leader>
  <controlfield tag="001">11279797</controlfield>
  <controlfield tag="005">20251107151135.1</controlfield>
  <controlfield tag="008">770131d18791894aluwr ne      0   a0eng  </controlfield>
  <datafield ind1=" " ind2=" " tag="010">
    <subfield code="a">sn 84020151 </subfield>
    <subfield code="z">   76643891 </subfield>
  </datafield>
  <datafield ind1=" " ind2=" " tag="019">
    <subfield code="a">2771170</subfield>
  </datafield>
  <datafield ind1="0" ind2=" " tag="022">
    <subfield code="a">2575-1271</subfield>
    <subfield code="2">1</subfield>
  </datafield>
  <datafield ind1="0" ind2=" " tag="023">
    <subfield code="a">2575-1271</subfield>
    <subfield code="2">1</subfield>
  </datafield>
  <datafield ind1="1" ind2=" " tag="029">
    <subfield code="a">AU@</subfield>
    <subfield code="b">000020451092</subfield>
  </datafield>
  <datafield ind1=" " ind2=" " tag="035">
    <subfield code="a">(OCoLC)2710177</subfield>
  </datafield>
  <datafield ind1=" " ind2=" " tag="040">
    <subfield code="a">DLC</subfield>
    <subfield code="b">eng</subfield>
    <subfield code="c">DLC</subfield>
    <subfield code="d">NPV</subfield>
    <subfield code="d">DLC</subfield>
    <subfield code="d">YOX</subfield>
    <subfield code="d">CPN</subfield>
    <subfield code="d">DLC</subfield>
    <subfield code="d">OCL</subfield>
    <subfield code="d">MFN</subfield>
    <subfield code="d">YOX</subfield>
    <subfield code="d">ONP</subfield>
    <subfield code="d">KNP</subfield>
    <subfield code="d">CNK</subfield>
    <subfield code="d">NVK</subfield>
    <subfield code="d">TGN</subfield>
    <subfield code="d">CVF</subfield>
    <subfield code="d">OCL</subfield>
    <subfield code="d">DLC</subfield>
    <subfield code="d">KRTAS</subfield>
    <subfield code="d">OCLCO</subfield>
    <subfield code="d">OCLCQ</subfield>
    <subfield code="d">OCLCA</subfield>
    <subfield code="d">OCLCF</subfield>
    <subfield code="d">OCLCO</subfield>
    <subfield code="d">DLC</subfield>
    <subfield code="d">OCLCA</subfield>
    <subfield code="d">HUL</subfield>
    <subfield code="d">OCLCQ</subfield>
    <subfield code="d">DLC</subfield>
    <subfield code="d">OCLCL</subfield>
    <subfield code="d">OCLCQ</subfield>
  </datafield>
  <datafield ind1=" " ind2=" " tag="042">
    <subfield code="a">pcc</subfield>
    <subfield code="a">nsdp</subfield>
  </datafield>
  <datafield ind1=" " ind2=" " tag="043">
    <subfield code="a">n-us-al</subfield>
  </datafield>
  <datafield ind1="0" ind2="0" tag="050">
    <subfield code="a">Newspaper</subfield>
  </datafield>
  <datafield ind1="0" ind2="0" tag="082">
    <subfield code="a">070</subfield>
    <subfield code="2">23</subfield>
    <subfield code="1">https://id.oclc.org/worldcat/ddc/E3gMVQttpMJtdJjcwPJqGvYJ37</subfield>
  </datafield>
  <datafield ind1="0" ind2=" " tag="130">
    <subfield code="a">Huntsville gazette (Huntsville, Ala. : 1879)</subfield>
  </datafield>
  <datafield ind1=" " ind2="0" tag="222">
    <subfield code="a">Huntsville gazette</subfield>
    <subfield code="b">(Huntsville, Ala. 1879)</subfield>
  </datafield>
  <datafield ind1="1" ind2="0" tag="245">
    <subfield code="a">Huntsville gazette.</subfield>
  </datafield>
  <datafield ind1="1" ind2="3" tag="246">
    <subfield code="a">Weekly gazette</subfield>
  </datafield>
  <datafield ind1=" " ind2=" " tag="260">
    <subfield code="a">Huntsville, Ala. :</subfield>
    <subfield code="b">Huntsville Gazette Co.,</subfield>
    <subfield code="c">1879-1894.</subfield>
  </datafield>
  <datafield ind1=" " ind2=" " tag="300">
    <subfield code="a">16 volumes</subfield>
  </datafield>
  <datafield ind1=" " ind2=" " tag="310">
    <subfield code="a">Weekly</subfield>
  </datafield>
  <datafield ind1=" " ind2=" " tag="336">
    <subfield code="a">text</subfield>
    <subfield code="b">txt</subfield>
    <subfield code="2">rdacontent</subfield>
  </datafield>
  <datafield ind1=" " ind2=" " tag="337">
    <subfield code="a">unmediated</subfield>
    <subfield code="b">n</subfield>
    <subfield code="2">rdamedia</subfield>
  </datafield>
  <datafield ind1=" " ind2=" " tag="338">
    <subfield code="a">volume</subfield>
    <subfield code="b">nc</subfield>
    <subfield code="2">rdacarrier</subfield>
  </datafield>
  <datafield ind1="0" ind2=" " tag="362">
    <subfield code="a">Vol. 1, no. 1 (Nov. 22, 1879)-v. 16, no. 5 (Dec. 29, 1894).</subfield>
  </datafield>
  <datafield ind1=" " ind2=" " tag="530">
    <subfield code="a">Available on microfilm from the Library of Congress, Photoduplication Service Section.</subfield>
  </datafield>
  <datafield ind1=" " ind2=" " tag="530">
    <subfield code="a">Archived issues are available in digital format from the Library of Congress Chronicling America online collection.</subfield>
  </datafield>
  <datafield ind1=" " ind2="0" tag="650">
    <subfield code="a">African Americans</subfield>
    <subfield code="z">Alabama</subfield>
    <subfield code="v">Newspapers.</subfield>
  </datafield>
  <datafield ind1=" " ind2="0" tag="650">
    <subfield code="a">African American newspapers</subfield>
    <subfield code="z">Alabama.</subfield>
  </datafield>
  <datafield ind1=" " ind2="7" tag="650">
    <subfield code="a">African American newspapers.</subfield>
    <subfield code="2">fast</subfield>
    <subfield code="0">(OCoLC)fst00799278</subfield>
  </datafield>
  <datafield ind1=" " ind2="7" tag="650">
    <subfield code="a">African Americans.</subfield>
    <subfield code="2">fast</subfield>
    <subfield code="0">(OCoLC)fst00799558</subfield>
  </datafield>
  <datafield ind1=" " ind2="0" tag="651">
    <subfield code="a">Huntsville (Ala.)</subfield>
    <subfield code="v">Newspapers.</subfield>
  </datafield>
  <datafield ind1=" " ind2="0" tag="651">
    <subfield code="a">Madison County (Ala.)</subfield>
    <subfield code="v">Newspapers.</subfield>
  </datafield>
  <datafield ind1=" " ind2="7" tag="651">
    <subfield code="a">Alabama.</subfield>
    <subfield code="2">fast</subfield>
    <subfield code="0">(OCoLC)fst01204694</subfield>
    <subfield code="1">https://id.oclc.org/worldcat/entity/E39QbtfRCDtKdF7vHd4P467qDY</subfield>
  </datafield>
  <datafield ind1=" " ind2="7" tag="651">
    <subfield code="a">Alabama</subfield>
    <subfield code="z">Huntsville.</subfield>
    <subfield code="2">fast</subfield>
    <subfield code="0">(OCoLC)fst01205426</subfield>
    <subfield code="1">https://id.oclc.org/worldcat/entity/E39PBJdcCTPcKbBGMBXwHQhWDq</subfield>
  </datafield>
  <datafield ind1=" " ind2="7" tag="651">
    <subfield code="a">Alabama</subfield>
    <subfield code="z">Madison County.</subfield>
    <subfield code="2">fast</subfield>
    <subfield code="0">(OCoLC)fst01204324</subfield>
    <subfield code="1">https://id.oclc.org/worldcat/entity/E39PBJp9q4dJBPm9rWYHjk3WjC</subfield>
  </datafield>
  <datafield ind1=" " ind2="7" tag="655">
    <subfield code="a">Newspapers.</subfield>
    <subfield code="2">fast</subfield>
    <subfield code="0">(OCoLC)fst01423814</subfield>
  </datafield>
  <datafield ind1=" " ind2=" " tag="752">
    <subfield code="a">United States</subfield>
    <subfield code="b">Alabama</subfield>
    <subfield code="c">Madison</subfield>
    <subfield code="d">Huntsville.</subfield>
  </datafield>
  <datafield ind1="4" ind2="1" tag="859">
    <subfield code="u">https://hdl.loc.gov/loc.sgp/chronam.sn84020151</subfield>
  </datafield>
  <datafield ind1=" " ind2=" " tag="906">
    <subfield code="a">7</subfield>
    <subfield code="b">cbc</subfield>
    <subfield code="c">serials</subfield>
    <subfield code="d">2</subfield>
    <subfield code="e">ncip</subfield>
    <subfield code="f">19</subfield>
    <subfield code="g">n-oclcserc</subfield>
  </datafield>
  <datafield ind1="0" ind2=" " tag="925">
    <subfield code="a">Acquire</subfield>
    <subfield code="b">1 shelf copy</subfield>
    <subfield code="x">policy default</subfield>
  </datafield>
  <datafield ind1=" " ind2=" " tag="955">
    <subfield code="k">xf14 2017-09-22 telework;</subfield>
    <subfield code="a">to Serial &amp; Gov. Pub. Div. db09 05-16-01</subfield>
  </datafield>
  <datafield ind1=" " ind2=" " tag="955">
    <subfield code="a">LCAP batch update 2025-06-01-04:00: LCAPM-893</subfield>
  </datafield>
  <datafield ind1=" " ind2=" " tag="890">
    <subfield code="a">Huntsville gazette [Huntsville--Alabama]. [Newspaper--microfilm]</subfield>
    <subfield code="i">77640437</subfield>
  </datafield>
  <datafield ind1=" " ind2=" " tag="985">
    <subfield code="a">serpull/chronam</subfield>
    <subfield code="e">ndnp</subfield>
  </datafield>
  <datafield ind1=" " ind2=" " tag="991">
    <subfield code="b">c-Ser</subfield>
    <subfield code="h">Newspaper 7013</subfield>
    <subfield code="w">SERIALS</subfield>
  </datafield>
</record>
